Historia del arte (Record no. 536)
[ view plain ]
| 000 -CABECERA | |
|---|---|
| campo de control de longitud fija | 00808nam a2200229 a 4500 |
| 001 - NÚMERO DE CONTROL | |
| campo de control | BRCA_610 |
| 005 - FECHA Y HORA DE LA ÚLTIMA TRANSACCIÓN | |
| campo de control | 20190320203101.0 |
| 008 - DATOS DE LONGITUD FIJA--INFORMACIÓN GENERAL | |
| campo de control de longitud fija | 790929s1972----mx-a---###---#000-0#spa-# |
| 040 ## - FUENTE DE LA CATALOGACIÓN | |
| Centro catalogador/agencia de origen | DLC |
| Centro/agencia transcriptor | ViFGM |
| Centro/agencia modificador | DLC |
| 050 #4 - SIGNATURA TOPOGRÁFICA DE LA BIBLIOTECA DEL CONGRESO | |
| Número de clasificación | N5300 |
| Número de documento/Ítem | .F44 1972 |
| 100 1# - ENTRADA PRINCIPAL--NOMBRE DE PERSONA | |
| Nombre de persona | Faure, Elie |
| Fechas asociadas al nombre | 1873-1937 |
| 9 (RLIN) | 2082 |
| 245 10 - MENCIÓN DE TÍTULO | |
| Título | Historia del arte |
| Mención de responsabilidad, etc. | Elie Faure ; traducción de Francisco Cazorla Olmo y R. S. Torroella. |
| 260 ## - PUBLICACIÓN, DISTRIBUCIÓN, ETC. | |
| Lugar de publicación, distribución, etc. | México |
| Nombre del editor, distribuidor, etc. | Hermes |
| Fecha de publicación, distribución, etc. | 1972 |
| 300 ## - DESCRIPCIÓN FÍSICA | |
| Extensión | 5 v. |
| Otras características físicas | il. |
| Dimensiones | 16 cm. |
| 500 ## - NOTA GENERAL | |
| Nota general | Traducción de: Histoire de l´art |
| 505 0# - NOTA DE CONTENIDO CON FORMATO | |
| Nota de contenido con formato | Contenido: v. 1. Arte antiguo. -- v. 2. Arte medieval. -- v. 3. Arte del renacimiento. -- v. 4 Arte moderno I. -- v. 5. Arte moderno II |
| 650 14 - PUNTO DE ACCESO ADICIONAL DE MATERIA--TÉRMINO DE MATERIA | |
| Término de materia o nombre geográfico como elemento de entrada | Arte |
| Subdivisión general | Historia |
| 9 (RLIN) | 2083 |
| 700 1# - PUNTO DE ACCESO ADICIONAL--NOMBRE DE PERSONA | |
| Nombre de persona | Cazorla Olmo, Francisco |
| 9 (RLIN) | 2084 |
| 700 1# - PUNTO DE ACCESO ADICIONAL--NOMBRE DE PERSONA | |
| Nombre de persona | Torroella, R. S |
| 9 (RLIN) | 2085 |
| 902 ## - CATALOGADOR | |
| Iniciales | REF |
| 942 ## - ELEMENTOS DE PUNTO DE ACCESO ADICIONAL (KOHA) | |
| Fuente del sistema de clasificación o colocación | Library of Congress Classification |
| Tipo de ítem Koha | Libros |
| Estado de retiro | Estado de pérdida | Estado dañado | No para préstamo | Localización permanente | Ubicación/localización actual | Fecha de adquisición | Total de préstamos | Signatura topográfica completa | Código de barras | Fecha visto por última vez | Precio válido a partir de | Tipo de ítem Koha | Código de colección |
|---|---|---|---|---|---|---|---|---|---|---|---|---|---|
| El ejemplar forma parte de la colección y puede ser consultado según las políticas vigentes. | Biblioteca del Museo Franz Mayer (Rogerio Casas-Alatriste) | Biblioteca del Museo Franz Mayer (Rogerio Casas-Alatriste) | 25/06/2008 | N5300 .F44 1972 | REF00005 | 22/03/2019 | 22/03/2019 | Libros | |||||
| El ejemplar forma parte de la colección y puede ser consultado según las políticas vigentes. | Biblioteca del Museo Franz Mayer (Rogerio Casas-Alatriste) | Biblioteca del Museo Franz Mayer (Rogerio Casas-Alatriste) | 16/11/2010 | N5300 .F44 1972 | REF00006 | 22/03/2019 | 22/03/2019 | Libros | Acervo General | ||||
| El ejemplar forma parte de la colección y puede ser consultado según las políticas vigentes. | Biblioteca del Museo Franz Mayer (Rogerio Casas-Alatriste) | Biblioteca del Museo Franz Mayer (Rogerio Casas-Alatriste) | 16/11/2010 | N5300 .F44 1972 | REF00007 | 22/03/2019 | 22/03/2019 | Libros | Acervo General | ||||
| El ejemplar forma parte de la colección y puede ser consultado según las políticas vigentes. | Biblioteca del Museo Franz Mayer (Rogerio Casas-Alatriste) | Biblioteca del Museo Franz Mayer (Rogerio Casas-Alatriste) | 16/11/2010 | N5300 .F44 1972 | REF00008 | 22/03/2019 | 22/03/2019 | Libros | Acervo General | ||||
| El ejemplar forma parte de la colección y puede ser consultado según las políticas vigentes. | Biblioteca del Museo Franz Mayer (Rogerio Casas-Alatriste) | Biblioteca del Museo Franz Mayer (Rogerio Casas-Alatriste) | 16/11/2010 | N5300 .F44 1972 | REF00009 | 22/03/2019 | 22/03/2019 | Libros | Acervo General |